00535nam a2200169Ia 4500008004100000082001300041100002900054245007400083250000800157260002500165300001200190500002400202650001200226942000700238952010300245999001700348230524s9999 xx 000 0 und d a540bSEM aAbhay Kumar Singh924194 0aSolution to I.E.Irodov's Problems in General Physics Vol-I (2nd edn.) a2ND aNEW DELHIbCBSc1998 aIII;424 aQuantity Number: 1 aPhysics cBK 00104070aTATCLbTATCLcGENd2023-05-24l0o540 SEMp13381r2023-05-24w2023-05-24yBKzBSCP2201 c35713d35713